IFM Opac

Management Information Systems: Management the Digital Firm (Record no. 21719)

MARC details
000 -LEADER
fixed length control field 00488nam a22001697a 4500
005 - DATE AND TIME OF LATEST TRANSACTION
control field 20230116163815.0
008 - FIXED-LENGTH DATA ELEMENTS--GENERAL INFORMATION
fixed length control field 221028b |||||||| |||| 00| 0 eng d
020 ## - INTERNATIONAL STANDARD BOOK NUMBER
International Standard Book Number 978813787465
082 ## - DEWEY DECIMAL CLASSIFICATION NUMBER
Edition number 658.4038
100 ## - MAIN ENTRY--PERSONAL NAME
Personal name Lauden, Kenneth C.
245 ## - TITLE STATEMENT
Title Management Information Systems: Management the Digital Firm
250 ## - EDITION STATEMENT
Edition statement 12th ed.
260 ## - PUBLICATION, DISTRIBUTION, ETC.
Place of publication, distribution, etc. Delhi:
Name of publisher, distributor, etc. Pearson,
Date of publication, distribution, etc. 2013
300 ## - PHYSICAL DESCRIPTION
Extent xxxi, 596p.; ill,; 25cm.
521 ## - TARGET AUDIENCE NOTE
Target audience note Includes Reference Glossary and Index
942 ## - ADDED ENTRY ELEMENTS (KOHA)
Source of classification or shelving scheme Dewey Decimal Classification
Koha item type Books
Suppress in OPAC No
Holdings
Withdrawn status Lost status Source of classification or shelving scheme Damaged status Not for loan Collection code Home library Current library Shelving location Date acquired Source of acquisition Total Checkouts Full call number Barcode Date last seen Price effective from Koha item type
    Dewey Decimal Classification     Non-fiction IFM Mwanza Campus IFM Mwanza Campus Mwanza Teaching Center 12/07/2022 Purchase   658.4038 LAU 0000023080 12/07/2022 12/07/2022 Books